Niektóre kraje świata - Statystyki

Ogólne statystyki
  • Ten quiz został rozwiązany 182 razy
  • Średni wynik to 14 z 90
Odpowiedzi na mapie
Odpowiedzi zakodowano w zielono-czerwonej skali na mapie do tego quizu, zgodnie z poniższymi procentami.
 
Statystyki odpowiedzi
Odpowiedź % Poprawnych
Algieria
28%
Kanada
28%
Brazylia
25%
Chiny
25%
Indie
25%
Bolivia
24%
Korea Północna
24%
Egipt
23%
Kazachstan
23%
Mongolia
23%
Argentyna
22%
Meksyk
22%
Australia
21%
Bangladesz
21%
Chile
21%
Demokratyczna Republika Kongo
21%
Kolumbia
21%
Oman
21%
Indonezja
20%
Korea Południowa
20%
Madagskar
20%
Nepal
20%
USA
20%
Arabia Saudyjska
18%
Jemen
18%
Maroko
18%
Nowa Zelandia
18%
Peru
18%
RPA
18%
Afganistan
17%
Filipiny
17%
Iran
17%
Japonia
17%
Niger
17%
Paragwaj
17%
Turcja
17%
Azejberdżan
16%
Czad
16%
Irak
16%
Libia
16%
Mjanma
16%
Panama
16%
Somalia
16%
Tajlandia
16%
Tunezja
16%
Angola
15%
Bhutan
15%
Botswana
15%
Malezja
15%
Mozambik
15%
Armenia
14%
Ekwador
14%
Erytrea
14%
Etiopia
14%
Gabon
14%
Nigeria
14%
Pakistan
14%
Seszele
14%
Sudan
14%
Wenezuela
14%
Bahamy
13%
Izrael
13%
Kenia
13%
Kostaryka
13%
Namibia
13%
Nowa Gwinea
13%
Dominikana
11%
Gruzja
11%
Kuba
11%
Sudan Południowy
11%
Syria
11%
Ghana
10%
Lesotho
10%
Rwanda
10%
Urugwaj
10%
Tanzania
9%
Timor Wschodni
9%
Wybrzeże Kości Słoniowej
9%
Wietnam
8%
ZEA
8%
Haiti
7%
Katar
7%
Uganda
7%
Kuweit
6%
Zambia
6%
Fidżi
5%
Brunei
3%
Zimbabwe
3%
Bahrejn
1%
Singapur
0%
Nie znaleziono quizów pasujących do podanych kryteriów
Rozkład punktacji
Procent ludzi z każdym wynikiem
Percentyl według liczby udzielonych odpowiedzi
Twoja historia wyników
Nie rozwiązałeś tego quizu